Responses for Show #5811 - Monday, December 14, 2009

Contestants

[<< previous game]

Jennifer Montgomery, a jazz radio station development director from Encinitas, California

Dave Mackie, a software developer from Cary, North Carolina

Siobhan McKenney, a systems administrator from Austin, Texas (whose 1-day cash winnings total $10,799)

[next game >>]

Jeopardy! Round responses

CLINTON AFTER THE PRESIDENCY
(Alex: And all of the clues will be given by the former President.)
SPORTS NUMBER, PLEASE
ALLITERATIVE FOOD & DRINK
____ OF ____ BOOKS
MOUNTAIN DO
LONG ONE-SYLLABLE WORDS
    $200 3
greenhouse gases

Siobhan
    $200 1
sesame seed

Jennifer
    $200 13
(Siobhan: What is Les Misérables?)

The Hunchback of Notre Dame

SiobhanDave
    $200 18
the Himalayas

Jennifer
    $200 10
scratched

Triple Stumper
    $400 7
the Constitution

Jennifer
    $400 2
French fries

Dave
    $400 14
The Call of the Wild

Dave
    $400 19
(Dave: Uh, what are the Incas?)

the Mayans

DaveJennifer
    $400 11
straight

Siobhan
    $600 8
Gorbachev

Jennifer
    $1,000 4
(Siobhan: Wh...)
(Alex: Siobhan?)
(Siobhan: What is a Tom Collins?)

a Singapore Sling

Siobhan
    $600 15
Out of Africa

Jennifer
    $600 20
(Alex: Mount St. Helens, yes.)

Washington

Jennifer
    $600 12
(Siobhan: What is screech?)
[Originally accepted as correct; reversed during her interview]

screeched

Siobhan
Triple Stumper
    $800 9
Haiti

Siobhan
    $800 5
(Dave: Uh, what are beans?)
(Alex: Be more specific.)

baked beans

Dave
    $800 16
Remembrance of Things Past

Dave
    $800 21
Denali (or Mount McKinley)

Jennifer
    $800 23
thatched

Siobhan
    $1000 25
deforestation

Jennifer
    $1000 26
(Jennifer: What is 15?)
[The end-of-round signal sounds.]
(Alex: And with that, we come to the end of the Jeopardy! Round. And we do want to thank former President Clinton for helping us out. Jeopardy! has scored some big firsts. Not only the former President, but his wife, our Secretary of State, have done clues for us. We'll be back to start Double Jeopardy! in just a moment.)

20

Jennifer
Triple Stumper
    $1000 6
a Moscow mule

Triple Stumper
    $1000 17
Heart of Darkness

Jennifer
    $1000 22
(Dave: Uh, what is Zimbabwe?)
...
(Alex: Less than a minute to go now.)

Lesotho

DaveJennifer
    $1000 24
(Jennifer: What is taut?)

stretched

SiobhanJennifer

Scores at the first commercial break (after clue 15):

Siobhan Dave Jennifer
-$400 $1,800 $1,800

Scores at the end of the Jeopardy! Round:

Siobhan Dave Jennifer
$1,400 $1,200 $4,800

Double Jeopardy! Round responses

A LONG, LONG TIME AGO
THE EMMYS
PORTRAIT OF A LADY
JIMMY
HEN TRICKS
ARE YOU "EXP"-ERIENCED?
    $400 23
(Alex: A minute to go.)

Ming

Dave
    $400 2
(Alex: They have a lot more viewers now.)

30 Rock

Siobhan
    $400 7
Venus

Siobhan
    $400 27
Jimmy Carter

Siobhan
    $400 16
tic-tac-toe

Dave
    $400 1
exploit

Jennifer
    $800 3
James Garner

Dave
    $800 8
Nefertiti

Jennifer
    $800 21
Jimmy Hoffa

Siobhan
    $800 17
Chaucer

Jennifer
    $800 12
expendable

Siobhan
    $1200 4
Everybody Loves Raymond

Jennifer
    $4,000 9
Ophelia

Jennifer
    $1200 20
Jimmy the Greek

Jennifer
    $1200 26
(Jennifer: What is the Chicken?)
(Alex: Be more specific.)
(Jennifer: Oh, my God. I'm from San Diego. What is [*]?)
(Alex: Good. Thank you very much. There are many chickens out there.)

the San Diego Chicken

Jennifer
    $1200 13
expedite

Jennifer
    $1600 28
(Dave: Uh, what are England and Spain?)
[The end-of-round signal sounds.]

Spain & Portugal

Dave
Triple Stumper
    $1600 5
Friends

Siobhan
    $1600 10
Manet

Jennifer
    $1600 19
Jimmy Walker

Triple Stumper
    $1600 25
Gonzo

Siobhan
    $1600 14
expletive

Jennifer
    $2000 22
Medicis

Jennifer
    $2000 6
Isabel Sanford

Triple Stumper
    $2000 11
(Siobhan: Who is Monet?)
(Dave: Who is Degas?)

Renoir

SiobhanDaveJennifer
    $4,000 18
(Alex: Jennifer?)
(Jennifer: Who is Jimmy Hoffa?)

Jimmy Doolittle

Jennifer
    $2000 24
Rimsky-Korsakov

Triple Stumper
    $2000 15
explain (or expound)

Dave

Scores at the end of the Double Jeopardy! Round:

Siobhan Dave Jennifer
$5,400 $1,200 $18,800
(lock game)

[wagering suggestions for these scores]

Final Jeopardy! Round responses

SPACE NEWS
DaveWho is Stephen Colbert?
$1,199
SiobhanWho is Stephen Colbert?
$2,003
JenniferWho is Stephen Colbert?
$1,200
Stephen Colbert

Final scores:

Siobhan Dave Jennifer
$7,403 $2,399 $20,000
2nd place: $2,000 3rd place: $1,000 New champion: $20,000

Game dynamics:

Coryat scores:

Siobhan Dave Jennifer
$6,400 $1,200 $20,000
12 R,
4 W
(including 1 DD)
9 R,
4 W
23 R
(including 1 DD),
3 W
(including 1 DD)

Combined Coryat: $27,600

[game clues] [game scores] [suggest correction]

Game tape date: 2009-11-03
The J! Archive is created by fans, for fans. Scraping, republication, monetization, and malicious use prohibited; this site may use cookies and collect identifying information. See terms. The Jeopardy! game show and all elements thereof, including but not limited to copyright and trademark thereto, are the property of Jeopardy Productions, Inc. and are protected under law. This website is not affiliated with, sponsored by, or operated by Jeopardy Productions, Inc. Join the discussion at JBoard.tv.